000 00733cam a22002531i 4500
001 sa 64004183
003 DLC
005 20260227112023.0
008 830412s1963 io c 000 0 ind
010 _asa 64004183
035 _a(OCoLC)9399642
040 _aDLC
_cOAU
_dDLC
042 _apremarc
050 0 0 _aPL5088
_b.A8 1963
245 0 0 _aAsmara dalam pelukan pelangi /
_coleh A. Hasjmy, A. Gani Mutyara [dan] T. Alibasjah Talsya.
250 _aTjet. 2.
260 _aBanda Atjeh :
_bPustaka Putroë Tjandén,
_c1963.
300 _a109 p. :
_bports ;
_c21 cm.
490 0 _aSeri sastra
650 0 _aShort stories, Indonesian.
700 1 _aHasjmy, A.
700 1 _aMutyara, A. Gani.
700 1 _aTalsya, T. Alibasjah.
999 _c58357
_d58357